| 000 | 00531nam a2200205Ia 4500 | ||
|---|---|---|---|
| 001 | 964 | ||
| 003 | GE_BSU | ||
| 008 | 181216s||||||||xx |||||||||||||| ||und|| | ||
| 040 | _cGE_BSU | ||
| 080 | _a597.2/5(075.8) | ||
| 245 | _aИхтиология | ||
| 245 | _bУчебники для студ. вясш. учебн. завед. | ||
| 260 | _aМосква | ||
| 260 | _bПищевая промышленность | ||
| 260 | _c1977 | ||
| 300 | _a430 с. | ||
| 541 | _h10 л. | ||
| 653 | _aИхтиология | ||
| 942 | _cBK | ||
| 999 |
_c35123 _d35123 |
||